|
|
|
|
| LEADER |
01452nam a22003614i 4500 |
| 001 |
36424 |
| 003 |
BD-DhAAL |
| 005 |
20211129101530.0 |
| 008 |
191023t2015 maua 000 0 eng d |
| 999 |
|
|
|c 41601
|d 41601
|
| 010 |
|
|
|a 2015371015
|
| 020 |
|
|
|a 9780205987245
|
| 040 |
|
|
|a DLC
|b eng
|e rda
|c DLC
|d DLC
|d BD-DhAAL
|
| 042 |
|
|
|a pcc
|
| 050 |
0 |
0 |
|a HG4515.2
|b .H65 2015
|
| 082 |
0 |
0 |
|a 332.60285554
|2 23
|
| 100 |
1 |
|
|a Holden, Craig W.
|9 36415
|
| 245 |
1 |
0 |
|a Excel modeling in investments /
|c Craig W. Holden.
|
| 250 |
|
|
|a Fifth edition.
|
| 260 |
|
|
|a Boston :
|b Pearson,
|c c2015
|
| 300 |
|
|
|a xvi, 227 pages :
|b illustrations ;
|c 28 cm.
|
| 490 |
0 |
|
|a The Pearson series in finance
|
| 526 |
|
|
|a BBS
|
| 541 |
|
|
|a Karim International
|e 36424, 36425
|
| 630 |
0 |
0 |
|a Microsoft Excel (Computer file)
|9 36416
|
| 650 |
|
0 |
|a Investments
|x Mathematical models.
|9 36417
|
| 650 |
|
0 |
|a Electronic spreadsheets.
|9 36418
|
| 650 |
|
0 |
|a Finance.
|9 36419
|
| 650 |
|
0 |
|a Business & finance
|9 43267
|
| 852 |
|
|
|a Ayesha Abed Library
|c General Stacks
|
| 942 |
|
|
|2 ddc
|c BK
|
| 952 |
|
|
|0 0
|1 0
|2 ddc
|4 0
|6 332_602855540000000_HOL
|7 0
|9 66788
|a BRACUL
|b BRACUL
|c GEN
|d 2019-10-17
|e Karim International
|g 6200.00
|l 3
|m 4
|o 332.60285554 HOL
|p 3010036425
|r 2026-03-08
|s 2026-02-01
|t 2
|v 6200.00
|w 2019-10-17
|y BK
|
| 952 |
|
|
|0 0
|1 0
|2 ddc
|4 0
|6 332_602855540000000_HOL
|7 0
|9 66789
|a BRACUL
|b BRACUL
|c GEN
|d 2019-10-17
|e Karim International
|g 6200.00
|l 0
|o 332.60285554 HOL
|p 3010036424
|r 2019-10-17
|t 1
|v 6200.00
|w 2019-10-17
|y BK
|